000 00313nam a22001337a 4500
008 170331b xxu||||| |||| 00| 0 eng d
020 _a9780071438339
041 _aeng
080 _24ED
_a617
100 _a8
101 _aSHM
245 _aORTHOPEDICS CURRENT DIAGNOSIS TREATMENT
_cSKINNER.H.B
942 _2udc
_cBK
999 _c9318
_d9318